| 000 | 02126 a2200229 4500 | ||
|---|---|---|---|
| 001 | 56892 | ||
| 005 | 20260407155832.0 | ||
| 008 | 260407a1996 arg spa d | ||
| 003 | AR-UNSa-BCEJYS | ||
| 040 |
_aAR-UNSa-BCEJYS _bspa _cAR-UNSa-BCEJYS |
||
| 080 |
_a338.23:336.74 _xPolítica monetaria |
||
| 245 | 1 | 0 | _aMoney, exchange rates, and output |
| 020 | _a0-262-03236-8 | ||
| 264 | 1 |
_aCambridge : _bThe MIT Press _c1996 |
|
| 300 |
_axxv, 510 p. _c24 cm. |
||
| 505 | _a1. On the Time Consistency of Optimal Policy in a Monetary Economy – 2. On the Flexibility of Monetary Policy: The Case of the Optimal Inflation Tax – 3. On the Indeterminacy of Interest Rates and Wages whith Perfect Foresight – 4. Staggered Prices in a Utility-Maximizing Framework – 5. Devaluation: Levels versus rates – 6. Real Exchange Rate Dynamics with Fixed Nominal Parities: Structural Change and Overshooting – 7. Trying to Stabilize: Some Theoretical Reflections Based on the Case of Argentina – 8. From Currency Substitution to Dollarization and Beyond: Analytical and Policy Issues – 9. A Model of Exchange Rate Determination under Currency Substitution and Rational Expectations – 10. Currency Substitution and the Real Exchange Rate: The Utility Maximization Approach – 11. Servicing the Public Debt: The Role of Expectations – 12. Indexation and Maturity of Government Bonds: An Exploratory Model – 13. The Perils of Sterilization – 14. Optimal Inflation Tax under Precommitment: Theory and Evidence – 15. Incredible Reforms – 16. On the Costs of Temporary Policy – 17. Anticipated Devaluations – 18. Exchange Rate-Based Stabilisation under Imperfect Credibility – 19. Stabilizing a Previously Centrally Planned Economy: Poland – 20. Output Collapse in Eastern Europe: The Role of Credit – 21. Money Demand, Bank Credit, and Economic Performance in Former Socialist Economies | ||
| 041 | _aspa | ||
| 942 | _cBK | ||
| 590 | _aniveau_biblio:m niveau_hierar:0 | ||
| 100 | 1 | _aCalvo, Guillermo A. | |
| 856 | 4 | 1 |
_uhttps://biblioeco.unsa.edu.ar/pmb/images/libros/L128624.jpg _yImagen de portada _qimage/jpeg |
| 999 |
_c6063 _d6063 |
||